Nutrition in clinical practice / David L. Katz, Kofi D. [and five others]. (Record no. 20343)

000 -LEADER
fixed length control field 01159cam a2200193 i 4500
020 ## - INTERNATIONAL STANDARD BOOK NUMBER
ISBN 9781975161491 (paperback)
082 00 - DEWEY DECIMAL CLASSIFICATION NUMBER
Classification number 615.854
Item number K1981 2022
100 1# - MAIN ENTRY--AUTHOR NAME
Personal name Katz, David L., 1963- author.
245 10 - TITLE STATEMENT
Title Nutrition in clinical practice / David L. Katz, Kofi D. [and five others].
250 ## - EDITION STATEMENT
Edition statement Fourth edition.
260 ## - PUBLICATION, DISTRIBUTION, ETC. (IMPRINT)
Place of publication Philadelphia :
Name of publisher Wolters Kluwer,
Year of publication ©2022.
300 ## - PHYSICAL DESCRIPTION
Number of Pages xxiii, 854 pages :
Other physical details illustrations ; 26 cm
500 ## - GENERAL NOTE
General note Includes bibliographical references and index.
520 ## - SUMMARY, ETC.
Summary, etc "Introduction Carbohydrate represents the predominant form of all plant matter and is thus a principal dietary source of energy for humans in nearly every culture. Food plants are composed principally of sugars, starches - the carbohydrate energy reserve in plants, cellulose, and other components. Generally, between 40% and 70% of calories are derived from carbohydrate among human populations, with higher amounts prevailing in less developed countries. In contrast, Artic peoples derive most of their food from animals and eat little carbohydrate"--
650 #0 - SUBJECT ADDED ENTRY--TOPICAL TERM
Topical Term Diet therapy.
650 #0 - SUBJECT ADDED ENTRY--TOPICAL TERM
Topical Term Diet in disease.
650 #0 - SUBJECT ADDED ENTRY--TOPICAL TERM
Topical Term Nutrition.
942 ## - ADDED ENTRY ELEMENTS (KOHA)
Koha item type Books
Holdings
Source of acquisition Permanent Location Date acquired Koha item type Collection code Accession Number Lost status Shelving location Withdrawn status Current Location Full call number
SchoolCagayan State University - Carig Library2025-04-11BooksNursingN000311 Nursing Library Cagayan State University - Carig Library615.854 K1981 2022
SchoolCagayan State University - Carig Library2025-04-11BooksNursingN000312 Nursing Library Cagayan State University - Carig Library615.854 K1981 2022
SchoolCagayan State University - Carig Library2025-04-11BooksNursingN000313 Nursing Library Cagayan State University - Carig Library615.854 K1981 2022
SchoolCagayan State University - Carig Library2025-04-11BooksNursingN000314 Nursing Library Cagayan State University - Carig Library615.854 K1981 2022
SchoolCagayan State University - Carig Library2025-04-11BooksNursingN000315 Nursing Library Cagayan State University - Carig Library615.854 K1981 2022

Cagayan State University University Library, Carig Campus
Tuguegarao City, Cagayan 3500 | www.csucarig.edu.ph

Powered by Koha